Boca Juniors, Plantel Campeon De La Copa Libertadores 2000 - Estadísticas

Estadísticas generales
  • Esta prueba ha sido intentada 89 veces
  • La puntuación promedio es 13 de 25
Estadísticas de respuestas
Pos Jugadores % Correcto
DEL Martín Palermo 9
99%
MED Juan Román Riquelme 10
97%
ARQ Óscar Córdoba 1
86%
DEL Guillermo Barros Schelotto 7
85%
DEF Hugo Ibarra 4
81%
DEL Marcelo Delgado 16
80%
DEF Jorge Bermúdez 2
76%
MED Mauricio Serna 5
76%
MED Sebastián Battaglia 22
70%
DT Carlos Bianchi
68%
DEF Walter Samuel 6
65%
ARQ Roberto Abbondanzieri 12
62%
DEF Rodolfo Arruabarrena 3
55%
DEF Aníbal Matellán 15
41%
DEF Cristian Traverso 28
41%
MED José Basualdo 18
38%
DEL Antonio Barijho 20
35%
DEF Nicolás Burdisso 27
26%
MED César La Paglia 19
24%
DEL Alfredo Moreno 23
22%
DEL Christian Gimenez 21
19%
ARQ Cristián Muñoz 25
19%
MED José Pereda 24
14%
MED Fernando Navas 11
12%
MED Diego Cagna 30
3%
No se encontraron pruebas coincidentes
Distribución de puntuación
Porcentaje de gente con cada puntuación
Porcentaje por número respondido
Historial de tus puntuaciones
No has intentado esta prueba.